000 00475nam a2200133 a 4500
008 120416s1972 ||||||||||||||||| || u
050 _aTA 403 Wat
100 _aWatson, D. Arthur
245 1 0 _aConstruction materials processes
260 _aNew York
_bMcGraw-Hill
_c1972
300 _avii, 418p. : ill.
350 _a0.00
995 _D0.00
_FCBU-MAIN LIBRARY (Kitwe)
_H1
_I12.00
_UAVAILABLE
_ZAnnex Low-Usage Collection
999 _c38539
_d38539